Countries Based off of Cities A-Z - Statistics

General Stats
  • This quiz has been taken 26 times
  • The average score is 22 of 26
Answer Stats
Hint Answer % Correct
Indianapolis United States
100%
Buenos Aires Argentina
95%
Rio de Janeiro Brazil
95%
Xiamen China
95%
Zhengzhou China
95%
Helsinki Finland
95%
Delhi India
95%
Minsk Belarus
91%
Tehran Iran
91%
Osaka Japan
91%
Nairobi Kenya
91%
Warsaw Poland
91%
Saint Petersburg Russia
91%
Cape Town South Africa
91%
Kyiv Ukraine
91%
Abu Dhabi United Arab Emirates
91%
Perth Australia
86%
Venice Italy
86%
Ulaanbaatar Mongolia
82%
Jeddah Saudi Arabia
82%
Essen Germany
77%
Lagos Nigeria
77%
Yaounde Cameroon
64%
Freetown Sierra Leone
64%
Quezon City Philippines
59%
Gaborone Botswana
45%
No matching quizzes found
Score Distribution
Percent of People with Each Score
Percentile by Number Answered
Your Score History
You have not taken this quiz